000 00710nam a22001935i 4500
001 168991
003 ES-MaACL
005 20230906213945.0
008 080716s1883 fr |||| | fre d
080 _a782.089.6
100 1 _aDelibes, Léo.
_9126744
245 1 0 _aLakmé [
_hmúsica impresa]
_b: opéra en 3 actes /
_cpoëme de Edmond Gondinet & Philippe Gille ; musique de Léo Delibes.
260 _aParis :
_bHeugel & Fils,
_c1883.
300 _a1 partitura vocal (VI, 272 p.) ;
_c29 cm.
650 1 4 _aÓperas-
_xPartituras vocales.
_9137997
700 1 _aGondinet, Edmond.
_9127380
700 0 _aGille, Philippe.
_956955
852 4 _aES-MaACL
_jL-29290
_9R.143675
_zBiblioteca Jacinto Martínez Lacalle
999 _c168991
_d168991